000 00703nam a2200289Ia 4500
005 20260324125617.0
008 008 260324s9999 xx 000 0 eng d
020 _a9781315575315
037 _aEBOOK
040 _aCRL
040 _beng
040 _cCRL
041 _2eng
041 _aeng
084 _qCRL
100 _aMariusz Czepczynski
_91178626
245 0 _aCultural Landscapes of Post-Socialist Cities
245 0 _bRepresentation of Powers and Needs
260 _bTaylor and Francis
260 _c2008
365 _a
365 _b240
856 _uhttp://www.taylorfrancis.com/books/9781315575315
942 _cEBOOK
999 _c1774067
_d1774067